Текст томруулах:    
Selling results! (Бичлэгийн дугаар. 145796)
000 -УДИРДЛАГА
Удирдлага 01360nam a22003497a 4500
003 - ХЯНАЛТЫН ТОО ТОДОРХОЙЛОГЧ
Код MN-UlNUM
005 - БИЧИЛТ ХИЙСЭН ОГНОО
Тухайн бичилтийг бичсэн засварласан сүүлийн огноо 20260107180246.0
008 - ЕРӨНХИЙ МЭДЭЭЛЭЛ
Ерөнхий мэдээлэл 160406s2007 nyua 001 0 eng
020 ## - ISBN
ISBN 007147787X
-- 9780071477871
040 ## - БИЧЛЭГ ҮҮСГЭГЧ БАЙГУУЛЛАГА
Бичлэг үүсгэгч номын сангийн код МУИС-ийн номын сан
084 ## - ББК АНГИЛАЛ
Нэмэлт тусгалт Гарын авлага
ББК ангилал 65.290-2
Зохиогчийн гурван тэмдэгт S 85
Мэдлэгийн ялгаа 65 - Эдийн засаг
100 1# - ЗОХИОГЧ
Зохиогчийн нэр Stinnett, Bill
245 10 - ҮНДСЭН ГАРЧИГ
Номын нэр Selling results!
Бага гарчгийн мэдээ The innovative system for maximizing sales by helping your customers achieve their business goals
Оролцогчдын тухай мэдээ Bill Stinnett
260 ## - ГАРАЛТЫН МЭДЭЭ
Хэвлэгдсэн газар New York
Хэвлэлийн газар McGraw-Hill
Хэвлэгдсэн он 2007
300 ## - МАТЕРИАЛЫН ТОДОРХОЙЛОЛТ
хуудасны тоо x, 255 p.
Бусад тоон мэдээлэл ill.
Хэмжээ 25 cm
500 ## - Тайлбар
Дансны дугаар БС 5962, 6068
546 ## - ХЭЛНИЙ ТУХАЙ МЭДЭЭ
Хэл Англи хэл дээр,
653 ## - Түлхүүр үг
Түлхүүр үг selling
740 ## - НОМЫН ГАРЧИГ
Гарчиг Measuring, Managing, and Maximizing Your Sales Results
740 ## - НОМЫН ГАРЧИГ
Гарчиг Helping Your Customers Achieve Their Desired Business Results
740 ## - НОМЫН ГАРЧИГ
Гарчиг Mastering Your Business Development Process
740 ## - НОМЫН ГАРЧИГ
Гарчиг Navigating and Selling Your Way to the Executive Level
740 ## - НОМЫН ГАРЧИГ
Гарчиг Qualifying Sales Opportunities with the Opportunity Scorecard
740 ## - НОМЫН ГАРЧИГ
Гарчиг Structuring and Accelerating Sales Opportunities
740 ## - НОМЫН ГАРЧИГ
Гарчиг Selling Financial Results to Senior Executives
740 ## - НОМЫН ГАРЧИГ
Гарчиг Delivering a Results-Based Sales Presentation
740 ## - НОМЫН ГАРЧИГ
Гарчиг Closing and Negotiating for Maximum Results
740 ## - НОМЫН ГАРЧИГ
Гарчиг Implementing the Results-Based Selling Method
942 ## - ЭЛЕМЕНТИЙН ТӨРӨЛ
Зүйлийн төрөл Ном